तुलनात्मक राजनीति की रूपरेखा / (Record no. 36157)

MARC details
000 -LEADER
fixed length control field 01060nam a22002297a 4500
005 - DATE AND TIME OF LATEST TRANSACTION
control field 20100518104511.0
008 - FIXED-LENGTH DATA ELEMENTS--GENERAL INFORMATION
fixed length control field 100518t xxu||||| |||| 00| 0 hin d
010 ## - LCCN (DPL NO)
LC control number HIN-89322
020 ## - INTERNATIONAL STANDARD BOOK NUMBER
International Standard Book Number 8171981720
Terms of availability 200.00
035 ## - SYSTEM CONTROL NUMBER
System control number HN-61668
037 ## - SOURCE OF ACQUISITION
Source of stock number/acquisition DBAD / PUB
040 ## - CATALOGING SOURCE
Original cataloging agency DPL
Language of cataloging HN
082 ## - DEWEY DECIMAL CLASSIFICATION NUMBER
Classification number 320.3
100 ## - MAIN ENTRY--PERSONAL NAME
Personal name गाबा, ओम् प्रकाश
9 (RLIN) 19438
245 ## - TITLE STATEMENT
Title तुलनात्मक राजनीति की रूपरेखा /
Statement of responsibility, etc ओम् प्रकाश गाबा
250 ## - EDITION STATEMENT
Edition statement 5वाँ संस्क.
260 ## - PUBLICATION, DISTRIBUTION, ETC. (IMPRINT)
Place of publication, distribution, etc नौएडा
Name of publisher, distributor, etc मयूर पैपरबैक्स
Date of publication, distribution, etc 2009(पुनर्मु)
270 ## - ADDRESS
Address ए-95, सैक्टर-5
City नौएडा
Postal code 201301
300 ## - PHYSICAL DESCRIPTION
Extent xii,380पृ
Dimensions 22सेमी (अजिल्द)
942 ## - ADDED ENTRY ELEMENTS (KOHA)
Source of classification or shelving scheme Dewey Decimal Classification
Item type Hindi Books
Call number suffix गाबाओ
Classification part 320.3
Holdings
Withdrawn status Lost status Source of classification or shelving scheme Damaged status Not for loan Collection code Home library Current library Date acquired Source of acquisition Cost, normal purchase price Total Checkouts Full call number Barcode Date last seen Copy number Cost, replacement price Koha item type
    Dewey Decimal Classification   Not For Loan Non-fiction D.B.Act.Division D.B.Act.Division 18/05/2010 DBAD / PUB 200.00   320.3 गाबाओ HN-61668 18/05/2010 1 200.00 Hindi Books

© Delhi Public Library
Hit Counter
free hit counter